00362cam a22000977a 4500008003600000082001500036100003000051245009000081260004600171500004700217180718b xxu||||| |||| 00| 0 eng d aW96x42 Un3 aCommittee on Boradcasting aReport of the committee on broadcastingcby Committee on Boradcasting, United Kingdom aLondonbHer Majesty's Stationery Officec aContents: Library has 1960(v.1),1961, 1962